<?xml version="1.0" encoding="UTF-8"?>
<marc:record xmlns:marc="http://www.loc.gov/MARC21/slim">
   <marc:leader>00000nam a2200000 a 4500</marc:leader>
   <marc:datafield ind1="1" ind2=" " tag="100">
      <marc:subfield code="a">Grill, Andrea</marc:subfield>
      <marc:subfield code="4">aut</marc:subfield>
      <marc:subfield code="e">Verfasser/-in</marc:subfield>
   </marc:datafield>
   <marc:datafield ind1=" " ind2=" " tag="653">
      <marc:subfield code="a">Homosexualität</marc:subfield>
   </marc:datafield>
   <marc:datafield ind1=" " ind2=" " tag="653">
      <marc:subfield code="a">Homosexuelle Beziehung</marc:subfield>
   </marc:datafield>
   <marc:datafield ind1="0" ind2="0" tag="245">
      <marc:subfield code="a">Sonnenspiel</marc:subfield>
   </marc:datafield>
   <marc:datafield ind1=" " ind2="1" tag="264">
      <marc:subfield code="b">Leykam</marc:subfield>
      <marc:subfield code="c">2026</marc:subfield>
   </marc:datafield>
   <marc:datafield ind1="1" ind2=" " tag="520">
      <marc:subfield code="a">Ein Dorf in Apulien. Ein Haus am Meer. Ein Garten voller Olivenbäume und Zitrusfrüchte. Hier lebt Loredana Sartoro unter einem Dach mit ihren Eltern. Sie ist Mutter von drei Kindern und näht in Heimarbeit Kleider für eine italienische Luxusmodemarke. Als eine Journalistin auf Urlaub von ihren prekären Lebensumständen erfährt, will sie einen großen Enthüllungsartikel schreiben. Davon will Loredana aber nichts wissen. Kurzerhand sperrt sie die hartnäckige Journalistin in ihre Speisekammer.
Während Loredana entdeckt, wie verführerisch es ist, Macht auszuüben, erhält sie den Auftrag, die legendäre Statue der Schmerzensmadonna aus dem Dom neu einzukleiden. Eine überraschende Geschichte entspinnt sich zwischen den zwei Frauen.</marc:subfield>
   </marc:datafield>
   <marc:datafield ind1=" " ind2=" " tag="020">
      <marc:subfield code="a">9783701183937</marc:subfield>
      <marc:subfield code="9">9783701183937</marc:subfield>
   </marc:datafield>
</marc:record>
